| 000 | 00488nam a2200193Ia 4500 | ||
|---|---|---|---|
| 008 | 170918s9999 xx 000 0 und d | ||
| 020 | _a9780439227155 | ||
| 050 | _bV531 2000 | ||
| 100 | _aVerne, Jules | ||
| 245 | _a20,000 leagues under the sea / | ||
| 245 | _cJulesVerne ; introduction by Bruce Coville. | ||
| 260 | _aNew York : | ||
| 260 | _bScholastic, | ||
| 260 | _c2000 | ||
| 300 | _a426 pages : | ||
| 300 | _bcolored illustration ; | ||
| 300 | _c17cm. | ||
| 500 | _a1030 | ||
| 999 |
_c342050 _d342050 |
||